Guess the 1980s song lyrics #5 - Statistics

General Stats
  • This quiz has been taken 77 times
  • The average score is 52 of 118
Answer Stats
Lyrics % Correct
a
96%
you
91%
the
90%
It
84%
we
81%
to
79%
When
75%
when
75%
are
74%
hear
72%
be
71%
Can
69%
in
68%
see
68%
See
68%
what
66%
my
65%
no
63%
They
62%
they
62%
say
59%
say.
59%
them?
59%
them,
59%
them
59%
us,
56%
at
51%
don't
51%
have
51%
our
44%
right
40%
well
38%
we'll
38%
Doesn't
37%
doesn't
37%
look
37%
that's
35%
through
35%
talk
34%
about
32%
matter
32%
their
29%
lips
25%
people
25%
Hey, hey, hey
24%
hey, hey, hey
24%
play.
24%
play,
24%
sealed.
24%
lies,
22%
lies.
22%
mind
21%
surprise.
21%
telling
21%
games
19%
jealous
19%
anyway.
18%
Pay
18%
cry,
16%
darling,
16%
There's
16%
angel,
13%
Hush,
13%
must
12%
they'll
12%
use
12%
disappear
10%
forget
7%
reveal.
7%
quiet
6%
secrets
6%
shield,
6%
silence.
6%
weapon
6%
defense,
4%
feared.
4%
No matching quizzes found
Score Distribution
Percent of People with Each Score
Percentile by Number Answered
Your Score History
You have not taken this quiz